Black girl you are Atlas / (Record no. 129417)
[ view plain ]
| 000 -LEADER | |
|---|---|
| fixed length control field | 01724nam a2200421 a 4500 |
| 001 - CONTROL NUMBER | |
| control field | fol21329842 |
| 003 - CONTROL NUMBER IDENTIFIER | |
| control field | ICrlF |
| 005 - DATE AND TIME OF LATEST TRANSACTION | |
| control field | 20251216144316.0 |
| 008 - FIXED-LENGTH DATA ELEMENTS--GENERAL INFORMATION | |
| fixed length control field | 250812t20252024nyua d 000 0 eng d |
| 020 ## - INTERNATIONAL STANDARD BOOK NUMBER | |
| International Standard Book Number | 9780593461723 |
| 035 ## - SYSTEM CONTROL NUMBER | |
| System control number | (ICrlF)2751MG |
| 040 ## - CATALOGING SOURCE | |
| Original cataloging agency | ICrlF |
| Language of cataloging | eng |
| Transcribing agency | ICrlF |
| Modifying agency | ICrlF |
| 050 #4 - LIBRARY OF CONGRESS CALL NUMBER | |
| Classification number | PS3623.A87335 |
| Item number | B58 2025 |
| 082 04 - DEWEY DECIMAL CLASSIFICATION NUMBER | |
| Classification number | 811/.6 |
| Edition number | 23/eng/20230925 |
| 100 1# - MAIN ENTRY--PERSONAL NAME | |
| Personal name | Watson, Renée. |
| 9 (RLIN) | 36183 |
| 245 10 - TITLE STATEMENT | |
| Title | Black girl you are Atlas / |
| Statement of responsibility, etc | written by Renée Watson ; fine art by Ekua Holmes. |
| 250 ## - EDITION STATEMENT | |
| Edition statement | 1st pbk. ed. |
| 260 ## - PUBLICATION, DISTRIBUTION, ETC. (IMPRINT) | |
| Place of publication, distribution, etc | New York : |
| Name of publisher, distributor, etc | Kokila, |
| Date of publication, distribution, etc | 2025. |
| 260 ## - PUBLICATION, DISTRIBUTION, ETC. (IMPRINT) | |
| Date of publication, distribution, etc | �2024 |
| 300 ## - PHYSICAL DESCRIPTION | |
| Extent | 81 p. : |
| Other physical details | col. ill. ; |
| Dimensions | 20 cm. |
| 510 3# - CITATION/REFERENCES NOTE | |
| Name of source | School Library Journal starred, January 2024 |
| 510 3# - CITATION/REFERENCES NOTE | |
| Name of source | Horn Book Starred, March 2024 |
| 510 3# - CITATION/REFERENCES NOTE | |
| Name of source | Kirkus Starred, December 2023 |
| 510 3# - CITATION/REFERENCES NOTE | |
| Name of source | Booklist, March 2024 |
| 520 ## - SUMMARY, ETC. | |
| Summary, etc | "Poet Ren�ee Watson looks back at her childhood and urges readers to look forward at their futures with love, understanding, and celebration in this fully illustrated poetry collection"--Provided by publisher. |
| 521 2# - TARGET AUDIENCE NOTE | |
| Target audience note | Young Adult |
| Source | Follett Content Solutions. |
| 586 ## - AWARDS NOTE | |
| Awards note | Coretta Scott King Award, 2025 |
| 650 #0 - SUBJECT ADDED ENTRY--TOPICAL TERM | |
| Topical term or geographic name as entry element | African American girls |
| Form subdivision | Juvenile poetry. |
| 9 (RLIN) | 55283 |
| 650 #0 - SUBJECT ADDED ENTRY--TOPICAL TERM | |
| Topical term or geographic name as entry element | African American women |
| Form subdivision | Juvenile poetry. |
| 9 (RLIN) | 55284 |
| 650 #0 - SUBJECT ADDED ENTRY--TOPICAL TERM | |
| Topical term or geographic name as entry element | American poetry |
| Chronological subdivision | 21st century. |
| 650 #1 - SUBJECT ADDED ENTRY--TOPICAL TERM | |
| Topical term or geographic name as entry element | African American girls |
| Form subdivision | Poetry. |
| 9 (RLIN) | 55285 |
| 650 #1 - SUBJECT ADDED ENTRY--TOPICAL TERM | |
| Topical term or geographic name as entry element | African American women |
| Form subdivision | Poetry. |
| 9 (RLIN) | 28517 |
| 655 #7 - INDEX TERM--GENRE/FORM | |
| Genre/form data or focus term | Autobiographical poetry. |
| Source of term | lcgft |
| 655 #7 - INDEX TERM--GENRE/FORM | |
| Genre/form data or focus term | Poetry. |
| Source of term | lcgft |
| 700 1# - ADDED ENTRY--PERSONAL NAME | |
| Personal name | Holmes, Ekua, |
| Relator term | ill. |
| 9 (RLIN) | 55286 |
| 940 ## - EQUIVALENCE OR CROSS-REFERENCE--UNIFORM TITLE [OBSOLETE] [CAN/MARC only] | |
| Date of treaty signing | 12/01/25 |
| Version | School Library Journal starred, January 2024 |
| -- | Horn Book Starred, March 2024 |
| -- | Kirkus Starred, December 2023 |
| 942 ## - ADDED ENTRY ELEMENTS (KOHA) | |
| Source of classification or shelving scheme | Dewey Decimal Classification |
| Koha item type | Book |
| Withdrawn status | Lost status | Source of classification or shelving scheme | Damaged status | Not for loan | Home library | Current library | Shelving location | Date acquired | Total Checkouts | Full call number | Barcode | Date last seen | Price effective from | Koha item type |
|---|---|---|---|---|---|---|---|---|---|---|---|---|---|---|
| Available | Dewey Decimal Classification | Martha's Vineyard High School Library | Martha's Vineyard High School Library | POETRY | 12/16/2025 | POETRY/WAT | 39844500061739 | 12/16/2025 | 12/16/2025 | Book |
